000 02332nam a2200301 a 4500
001 000015340
005 20200929164021.0
008 100205s2004 xxua 001 0 spa d
020 _a0976481502
040 _aDO-SdBNP
_bspa
_cBNPHU
082 _a304.873097293
_bP438b
100 1 _aPérez P., Pedro Julio
_934670
245 1 3 _aEl bodeguero y el proceso inmigratorio en América /
_cPedro J. Pérez.
260 _aFiladelfia, Estados Unidos :
_bMECOMM,
_c2004.
300 _a348 p. :
_bil. ;
_c22 cm.
500 _aIncluye datos biográficos del autor.
504 _aBibliografía: p. 340.
505 0 _gIntroducción --
_tGeneralidades: El surgimiento de las bodegas --
_tLas bodegas y la primera inmigración: referencias sociológicas sobre Puerto Rico, México y el exilio cubano --
_tColmados, pulperías, ventorrillos y colmadones --
_tEl dominicano como inmigrante: conducta y comportamiento --
_tLos asentamientos: el camino de La Mona y los dominican-yorks --
_tInfluencias de las organizaciones políticas en la conformación de los grupos de inmigrantes dominicanos --
_tReferencias esenciales: mapa social en la República Dominicana --
_tOtros negocios de los inmigrantes dominicanos --
_tValores humanos del dominicano --
_tReligión y costumbres del Caribe: la santería --
_tReligión y costumbres del Caribe: los caballos o montaos; las botánicas y los espíritus. Consultar a los espíritus. Las 21 divisiones del Vudú --
_tArte y cultura en dominicana. Reservas morales --
_tEn el fondo de la historia migratoria --
_tEl otro lado del sueño americano --
_tReferencias y sugerencias derivadas del estudio de campo realizado entre los bodegueros dominicanos --
_tAnexos: Informaciones y datos estadísticos --
_gColofón y notas finales --
_gApéndices:
_tGlosario de términos --
_tExpresiones típicas --
_tBibliografía.
590 _aInventariado, 2018/VM
650 4 _aInmigrantes
_zEstados Unidos
_99477
650 4 _aInteracción cultural
_934671
650 4 _aDominicanos en estados unidos
_934672
650 4 _aComerciantes dominicanos
_934673
651 4 _aEstados Unidos
_xEmigración E Inmigración
_9291
651 4 _aRepública Dominicana
_xEmigración E Inmigración
_xAspectos Económicos
_99359
651 4 _aRepública Dominicana
_xVida Social Y Costumbres
_9405
910 _aValidado. Control de calidad EMS
999 _c14906
_d14906